Mean Girls Surnames Quiz Stats

 Plays Quiz Updated Dec 17, 2013

Support Sporcle.
Go Orange.
Score 0/18 Timer 04:00
0 Plays Today
First Name Last Name % Correct
ReginaGeorge
91.2%
GretchenWieners
77.8%
CadyHeron
76%
GlenCoco
70.8%
JanisIan
69.9%
AaronSamuels
64.9%
TrangPak
63.5%
KarenSmith
51.4%
ShaneOman
39%
First Name Last Name % Correct
KevinGnapoor
37.2%
Ms. SharonNorbury
36.2%
Principal RonDuvall
26.4%
Sun JinDinh
14.7%
DawnSchweitzer
12.6%
EmmaGerber
12.3%
AmberD'Alessio
11.9%
TaylorWedell
10.6%
JessicaLopez
9.4%

From the Vault

Erase Europe by Capital (No Skips)

by goc3

Only a true geography expert will be able to get through this in one try.
Remove Ads.
Support Sporcle.
Get the best of Sporcle when you Go Orange. This ad-free experience offers more features, more stats, and more fun while also helping to support Sporcle. Thank you for becoming a member.

Show Comments

Extras

Top Quizzes Today


Score Distribution

Your Account Isn't Verified!

In order to create a playlist on Sporcle, you need to verify the email address you used during registration. Go to your Sporcle Settings to finish the process.

Report this User

Report this user for behavior that violates our Community Guidelines.

Details: